Nové trendy v odbytu

Nastávajúce nové trendy v odbytovej stratégii, ktoré majú zaistiť konkurencieschopnosť podniku na prelome tisícročia. Odbytová stratégia a politika firmy. Závery z ankety, na ktorú odpovedalo viac než sto nemeckých podnikov. Internacionalizácia odbytových priestorov. Orientácia na zákazníka. Strata...

Descripción completa

Guardado en:
Detalles Bibliográficos
Formato: Capítulo de libro
Lenguaje:checo
Materias:
Etiquetas: Agregar Etiqueta
Sin Etiquetas, Sea el primero en etiquetar este registro!

MARC

LEADER 00000naa a2200000 4500
001 r025487
005 20230922084531.8
041 0 |a cze 
044 |a CZ 
245 1 0 |a Nové trendy v odbytu 
520 |a Nastávajúce nové trendy v odbytovej stratégii, ktoré majú zaistiť konkurencieschopnosť podniku na prelome tisícročia. Odbytová stratégia a politika firmy. Závery z ankety, na ktorú odpovedalo viac než sto nemeckých podnikov. Internacionalizácia odbytových priestorov. Orientácia na zákazníka. Strata významu veľtrhov pred multimédiami. Multimédium ako nová náhrada veľtrhov. Nová orientácia: inovácia, týkajúca sa výrobkov i marketingu. Odznievajúce postupy reengineeringu, outsourcingu a lean managementu. 
610 2 0 |a odbyt 
610 2 0 |a stratégia podniková 
610 2 0 |a konkurencieschopnosť 
610 2 0 |a nástroje marketingové 
610 2 0 |a inovácia 
610 2 0 |a marketing 
610 2 0 |a zákazníci